In other words : variation in reference and narrative

Αποθηκεύτηκε σε:
Λεπτομέρειες βιβλιογραφικής εγγραφής
Κύριος συγγραφέας: Schiffrin, Deborah
Μορφή: Βιβλίο
Γλώσσα:English
Δημοσίευση: Cambridge : Cambridge University Press, 2006
Σειρά:Studies in interactional sociolinguistics ; ; 21
Θέματα:
Ετικέτες: Προσθήκη ετικέτας
Δεν υπάρχουν, Καταχωρήστε ετικέτα πρώτοι!

MARC

LEADER 00000nam a2200000 i 4500
001 1/88381
008 080610s2006 eng d
020 |a 978-0-521-48474-9 (pbk.) 
020 |a 0-521-48474-X (pbk.) 
035 |l 10098101 
040 |a GR-MY-UA  |b gre  |e aacr 
041 0 |a eng 
082 0 |a 415  |2 (22) 
100 1 |a Schiffrin, Deborah. 
245 1 0 |a In other words :  |b variation in reference and narrative /  |c Deborah Schiffrin 
260 |a Cambridge :   |b Cambridge University Press,   |c 2006 
300 |a xvi, 373 σ.;  |b πίν. ;  |c 23 εκ. 
490 1 |a Studies in interactional sociolinguistics  |v ; 21 
504 |a Βιβλιογραφία: σ. 353-371 
504 |a Ευρετήριο: σ. 372-373 
650 0 0 |a Reference (Linguistics) 
650 0 0 |a Narration (Rhetoric) 
650 0 0 |a Sociolinguistics. 
830 0 |a Studies in interactional sociolinguistics ;  |v ; 21 
852 |a INST  |b LESVOS  |e 20080610  |h 415 SCH  |p 005100042621  |q 005100042621  |t BK  |y 0 
901 |a BIBL1-2008-2 
909 |a Λ  |b 145037 
922 |a 1ΕΛΗ  |b 200801  |c ΕΠΕΑΕΚ2/ΤΚΑ  |d ΕΛΕΥΘΕΡΟΥΔΑΚΗΣ 
970 |a ΧΑΤΖΗΜΙΧΑΗΛ  |b ΜΑΡΙΑ  |z 2008/06/10